Connecticut Football: Top 10 All-Time Leaders - Statistics

General Stats
  • This quiz has been taken 6 times
    4 since last reset
  • The average score is 18 of 58
Answer Stats
Category # Player Amount % Correct
Passing Yards 5 Joe Fagnano 5,245
100%
Rushing Yards 7 Cam Edwards 2,582
75%
Passing Yards 1 Dan Orlovsky 10,706
75%
Receiving Yards 9 Skyler Bell 2,138
75%
Sacks T7 Steve Beal 19.0
75%
Sacks 3 Cody Brown 24.0
50%
Rushing Yards 1 Donald Brown 3,800
50%
Receiving Yards 4 Alex Davis 2,567
25%
Tackles 8 Alfred Fincher 357
25%
Interceptions 8 Bob Warren 11
25%
Passing Yards 4 Bryant Shirreffs 6,375
25%
Receiving Yards 3 Carl Bond 2,770
25%
Passing Yards 6 Chandler Whitmer 5,082
25%
Passing Yards 10 Cornelius Benton 4,035
25%
Rushing Yards 10 Cornell Brockington 2,198
25%
Interceptions T2 Darrell Wilson 17
25%
Receiving Yards 7 David Dunn 2,285
25%
Rushing Yards 8 Ed Long 2,515
25%
Receiving Yards 6 Geremy Davis 2,292
25%
Receiving Yards 5 Glenn Antrum 2,552
25%
Tackles 3 Jackson Mitchell 431
25%
Tackles 1 John Dorsey 495
25%
Receiving Yards 2 John Fitzsimmons 2,841
25%
Rushing Yards 3 Jordan Todman 3,179
25%
Interceptions 7 Justin Perkins 12
25%
Receiving Yards 10 Keith Hugger 1,961
25%
Passing Yards 7 Ken Sweitzer 4,949
25%
Rushing Yards 4 Kevin Mensah 2,933
25%
Tackles 2 Lawrence Wilson 466
25%
Interceptions T2 Lenny King 17
25%
Sacks 5 Lindsey Witten 22.0
25%
Rushing Yards 5 Lyle McCombs 2,681
25%
Interceptions T4 Mark Chapman 14
25%
Receiving Yards 1 Mark Didio 3,535
25%
Sacks 2 Mark Michaels 27.0
25%
Passing Yards 2 Matt DeGennaro 9,288
25%
Interceptions 1 Matt Latham 18
25%
Tackles 5 Maurice Lloyd 412
25%
Tackles 6 Mike Jansen 394
25%
Sacks 10 Mike Rembish 16.0
25%
Receiving Yards 8 Noel Thomas Jr. 2,235
25%
Tackles 9 Obi Melifonwu 351
25%
Tackles 10 Paul Duckworth 344
25%
Sacks 9 Paul Duckworth 17.0
25%
Passing Yards 8 Peter Lane 4,179
25%
Passing Yards 9 Rick Robustelli 4,160
25%
Sacks 6 Rob Belcuore 21.5
25%
Interceptions 6 Robert Vaughn 13
25%
Passing Yards 3 Shane Stafford 8,975
25%
Interceptions T4 Ted Walton 14
25%
Rushing Yards 2 Terry Caulley 3,187
25%
Sacks 1 Trevardo Williams 30.5
25%
Tackles 4 Troy Ashley 428
25%
Sacks T7 Tyler King 19.0
25%
Sacks 4 Uyi Osunde 22.5
25%
Tackles 7 Vernon Hargreaves 393
25%
Rushing Yards 9 Vinny Clements 2,327
25%
Rushing Yards 6 Wilbur Gilliard 2,624
25%
No matching quizzes found
Score Distribution
Percent of People with Each Score
Percentile by Number Answered
Your Score History
You have not taken this quiz since the last reset